Management Consultancies Association (Record no. 119736)

MARC details
000 -LEADER
fixed length control field 00844cam a2200205 4500
001 - CONTROL NUMBER
control field WS109719
008 - FIXED-LENGTH DATA ELEMENTS--GENERAL INFORMATION
fixed length control field 000000n 000 0 eng u
035 ## - SYSTEM CONTROL NUMBER
System control number (Sirsi) u109719
110 ## - MAIN ENTRY--CORPORATE NAME
Corporate name or jurisdiction name as entry element Management Consultancies Association
9 (RLIN) 516
245 ## - TITLE STATEMENT
Title Management Consultancies Association
520 ## - SUMMARY, ETC.
Summary, etc. Web site for this professional organisation representing management consultants. Includes a news service, a searchable members directory, details of research, statistics on the UK and European consulting market and details of best practice.
650 ## - SUBJECT ADDED ENTRY--TOPICAL TERM
Topical term or geographic name entry element GLOBALISATION
650 ## - SUBJECT ADDED ENTRY--TOPICAL TERM
Topical term or geographic name entry element INTERNET
650 ## - SUBJECT ADDED ENTRY--TOPICAL TERM
Topical term or geographic name entry element ORGANISATION
650 ## - SUBJECT ADDED ENTRY--TOPICAL TERM
Topical term or geographic name entry element Management consultancy
9 (RLIN) 6255
650 ## - SUBJECT ADDED ENTRY--TOPICAL TERM
Topical term or geographic name entry element BEST PRACTICE
690 ## - LOCAL SUBJECT ADDED ENTRY--TOPICAL TERM (OCLC, RLIN)
Topical term or geographic name as entry element MANAGEMENT-BUSINESS MANAGEMENT
856 40 - ELECTRONIC LOCATION AND ACCESS
Uniform Resource Identifier <a href="https://www.mca.org.uk">https://www.mca.org.uk</a>
Public note View the website free of charge at www.mca.org.uk...
942 ## - ADDED ENTRY ELEMENTS (KOHA)
Suppress in OPAC 0
Holdings
Withdrawn status Lost status Source of classification or shelving scheme Damaged status Not for loan Home library Current library Shelving location Date acquired Total Checkouts Full call number Barcode Date last seen Copy number Price effective from Koha item type
    Dewey Decimal Classification     Virtual Virtual Online 04/12/2000   WEB SITE 109719-2001 06/08/2019 1 06/08/2019 Online material